| 000 | 00576nam a2200169 i 4500 | ||
|---|---|---|---|
| 001 | 42656 | ||
| 003 | ES-MaACL | ||
| 005 | 20230906160645.0 | ||
| 007 | t| | ||
| 008 | 030313s1958 sp ||||1| spa d | ||
| 100 | 1 |
_aCerami, Charles A. _937442 |
|
| 245 | 1 | 4 |
_aLos problemas en la dirección de los negocios _b: cómo simplificarlos y resolverlos / _cpor Charles A. Cerami ; [traducción por Rafael Estartús]. |
| 260 |
_aBarcelona : _bOmega, _c[1958] ( _fSalvá) |
||
| 300 |
_a300 p. ; _c22 cm. |
||
| 700 | 1 |
_aEstartús, Rafael. _948021 |
|
| 852 |
_aES-MaACL _jC-15479 _bR.43258 |
||
| 999 |
_c42656 _d42656 |
||